| 000 | 00362nam a2200157 4500 | ||
|---|---|---|---|
| 008 | 180724s2001||||xo d | ||
| 100 | 1 |
_aJankech Daniel _9551 |
|
| 245 | 1 | 0 | _aVolajú to medicína |
| 250 | _a1. vydanie | ||
| 260 |
_bDaniel _aRajec _c2001 |
||
| 300 | _a211 s. | ||
| 020 |
_a80-968626-5-0 _c0 |
||
| 041 | 1 | _aslo | |
| 044 |
_axo _cSK |
||
| 958 | _aA | ||
| 999 |
_c21713 _d21713 |
||